000
00319nam a22001337a 4500
008
181009b xxu||||| |||| 00| 0 eng d
020
_a
9780300066258
041
_a
eng
080
_a
321
100
_a
19
101
_a
SHP
245
_a
The Politics of Faith & the Politics of Scepticism
_c
Fuller, T
942
_2
udc
_c
BK
999
_c
49145
_d
49145